000 00581nam a2200217Ia 4500
003 OSt
005 20220928144752.0
006 a|||||r|||| 00| 0
007 ta
008 220927b |||||||| |||| 00| 0 eng d
024 _a76045
037 _cTextual
040 _aSDCL
_cSDCL
_beng
041 _2eng
_aeng
082 _aO15:g(Q25), H0
100 _aChakravarti Prabhat Chandra
_9509663
245 0 _aDoctrine of sakti in Indian literature.
260 _c1940
942 _hO15:g(Q25), H0
_cTEXL
_2CC
999 _c829640
_d829640